| 000 | 00475nam a22001697a 4500 | ||
|---|---|---|---|
| 005 | 20251108164906.0 | ||
| 008 | 250721s1994 xx 000 0 ara d | ||
| 082 | 1 | 4 | _a646.2/عما |
| 100 | 1 | _aزكي، عماد | |
| 245 | 1 | 0 | _aتصميم الأزياء / |
| 264 | 1 |
_aعمان : _bدار المستقبل للنشر و التوزيع، _c1994. |
|
| 300 | _a132ص | ||
| 650 | 1 | 7 | _aالخياطة |
| 700 | 1 | _aموسى، عزت رزق | |
| 942 |
_2ddc _cBK |
||
| 999 |
_c16839 _d16839 |
||